5HLuxD.jpg

KING HENRY VIII SENIOR AND PRIMARY SCHOOL LIBRARY OPAC

100 FACTS WARRIORS (Record no. 5561)

000 -LEADER
fixed length control field 00903nam a22002417a 4500
005 - DATE AND TIME OF LATEST TRANSACTION
control field 20251009141905.0
008 - FIXED-LENGTH DATA ELEMENTS--GENERAL INFORMATION
fixed length control field 251002b ||||| |||| 00| 0 eng d
020 ## - INTERNATIONAL STANDARD BOOK NUMBER
International Standard Book Number 9781848102644
040 ## - CATALOGING SOURCE
Transcribing agency KH8
082 ## - DEWEY DECIMAL CLASSIFICATION NUMBER
Classification number 355.0092 MAL
100 ## - MAIN ENTRY--PERSONAL NAME
Personal name MALAM,JOHN
Relator term Author and Illustrator
Language of a work ENGLISH
245 ## - TITLE STATEMENT
Title 100 FACTS WARRIORS
260 ## - PUBLICATION, DISTRIBUTION, ETC.
Place of publication, distribution, etc. BARDFIELD CENTRE,GREAT BARDFIELD,ESSEX,CM7 4SL,UK
Name of publisher, distributor, etc. MILES KELLY PUBLISHING LTD
Date of publication, distribution, etc. 2010
300 ## - PHYSICAL DESCRIPTION
Extent 48 pages
Other physical details illustrations (some color)
Dimensions 22 cm x 29 cm
500 ## - GENERAL NOTE
General note Includes index.
520 ## - SUMMARY, ETC.
Summary, etc. Explores the history, training, weapons, and tactics of warriors from various cultures and times, presented with fun facts and illustrations.
521 ## - TARGET AUDIENCE NOTE
Target audience note For children aged 7–12 years
650 ## - SUBJECT ADDED ENTRY--TOPICAL TERM
Source of heading or term Warriors
Topical term or geographic name entry element Juvenile literature
650 ## - SUBJECT ADDED ENTRY--TOPICAL TERM
Source of heading or term History
Topical term or geographic name entry element Juvenile literature
655 ## - INDEX TERM--GENRE/FORM
Genre/form data or focus term Juvenile literature
655 ## - INDEX TERM--GENRE/FORM
Genre/form data or focus term Educational books
942 ## - ADDED ENTRY ELEMENTS (KOHA)
Source of classification or shelving scheme
Koha item type Books - Non Ficton
Holdings
Withdrawn status Lost status Source of classification or shelving scheme Damaged status Not for loan Collection code Permanent Location Current Location Shelving location Date acquired Full call number Barcode Date last seen Price effective from Koha item type Public note
          Non-Fiction KH8 Primary School Library KH8 Primary School Library Non Fiction 2025-10-02 355.0092 MAL KHPL000007271 2025-12-05 2025-10-02 Books - Non Ficton PRIMARY LIBRARY

Powered By KH8 IT Dept